| 000 -LEADER |
| fixed length control field |
00744nam a2200217Ia 4500 |
| 001 - CONTROL NUMBER |
| control field |
2349 |
| 003 - CONTROL NUMBER IDENTIFIER |
| control field |
GE_BSU |
| 005 - DATE AND TIME OF LATEST TRANSACTION |
| control field |
20221025102502.0 |
| 008 - FIXED-LENGTH DATA ELEMENTS--GENERAL INFORMATION |
| fixed length control field |
181216s2008ru xx |||||||||||||| ||rus|| |
| 040 ## - CATALOGING SOURCE |
| Transcribing agency |
GE_BSU |
| 041 ## - LANGUAGE CODE |
| Language code of text/sound track or separate title |
rus |
| 080 ## - UNIVERSAL DECIMAL CLASSIFICATION NUMBER |
| Universal Decimal Classification number |
94(479.22) К-27 |
| 245 ## - TITLE STATEMENT |
| Title |
Картлис цховреба: |
| Remainder of title |
История Грузии / |
| Statement of responsibility, etc. |
Гл. ред. Роин Метревели |
| 264 ## - PRODUCTION, PUBLICATION, DISTRIBUTION, MANUFACTURE, AND COPYRIGHT NOTICE |
| Place of production, publication, distribution, manufacture |
Тбилиси : |
| Name of producer, publisher, distributor, manufacturer |
Артануджи, |
| Date of production, publication, distribution, manufacture, or copyright notice |
2008. |
| 300 ## - PHYSICAL DESCRIPTION |
| Extent |
454 с.: |
| Other physical details |
28 см. |
| 653 ## - INDEX TERM--UNCONTROLLED |
| keyword |
История |
| 653 ## - INDEX TERM--UNCONTROLLED |
| keyword |
Картлис цховреба. История Грузии |
| 653 ## - INDEX TERM--UNCONTROLLED |
| keyword |
ისტორია |
| 700 ## - ADDED ENTRY--PERSONAL NAME |
| Personal name |
Метревели, Роин |
| Relator term |
მთავარი რედაქტორი |
| 9 (RLIN) |
15508 |
| 942 ## - ADDED ENTRY ELEMENTS (KOHA) |
| Koha item type |
წიგნი |
| Source of classification or shelving scheme |
|